000 00303nam a22001217a 4500
008 180512b xxu||||| |||| 00| 0 eng d
041 _aeng
080 _a043.3
100 _a0
101 _aMBE-BA
245 _a"Cikli i Jetegjatesise se Produktit - Sektori i Sherbimeve"
_cBerisha, D
942 _2udc
_cBK
999 _c45725
_d45725